1475 1878 1250 1456 1834 1827 1237 1435 1354 1078 1844 1876 1719 1440 1422 1169 1310 1466 1690 1327 1526 1677 1740 1922 1899 1301 1196 1742 1115 1506 1311 1435 1722 1180 1823 1934 1662 1112 1722 1496 1035 1363 1975 1146 1286 1628 1327 1218 1964 1459 1907 1134 1003 1971 1282 1346 1264 1549 1814 1329 1347 1698 1019 1723 1314 1768 1576 1789 1150 1305 1226 1749 1360 1729 1993 1274 1014 1014 1889 1015 1920 1424 1687 1074 1973 1269 1030 1688 1316 1565 1475 1649 1812 1524 1400 1902 1323 1815 1539 BCNSPRNW ULIB Ver.6.0+V

เปลี่ยนเป็นภาษาไทย

Change to English
 แสดงรายละเอียดบรรณานุกรม
  กลับหน้าหลัก

Brief Record : Get Marc (ISO 2709) : E-mail record : QR code < ปิดหน้าต่าง
LEADER : 00000nam 2200000uu 4500
001    13399122144
003     ULIB
008    130107s2552||||th 000 0 tha d
020    ^a9789745181519
090    ^aนว.^bส174ร 2552
100 0  ^aสเตฟนี เมเยอร์
245 00 ^aTwilight แรกรัตติกาล/^cสเตฟนี เมเยอร์
250    ^aพิมพ์ครั้งที่ 15
260    ^aกรุงเทพฯ :^bปราชญ์เปรียว,^c2552
300    ^a452 หน้า
710 1  ^aปราชญ์เปรียว
945    ^p285^l0^i026728
995    ^aทศพร
999    ^aใช้งานได้ทุกระบบ
รายการนี้ยังไม่มีแท็ก
คุณยังไม่ได้ล็อกอิน คุณสามารถมีกิจกรรมร่วมกับเว็บไซต์ได้ แต่ต้องล็อกอินก่อน ::
  ล็อกอิน

รายการสื่อสารสนเทศ

ลำดับที่ ประเภท เลขเรียก/บาร์โค้ด สถานที่ สถานะ
1. นวนิยาย
นวนิยาย
นว. ส174ร 2552 ฉ.1 
  Barcode: 026728
ห้องสมุดวิทยาเขตสวรรค์ประชารักษ์
►นวนิยาย
บนชั้น
  ขอยืม

รายการใกล้เคียง
    ผู้แต่ง [สเตฟนี เมเยอร์]

BibComment


ยังไม่เคยถูกคอมเมนท์

คอมเมนท์ทรัพยากรรายการนี้
  คอมเมนท์: Twilight แรกรัตต..


 Copyright 2026. Bcnsprnw @Library